Visualizzazione normale
Vista MARC
- Bigazzi Giancarlo
di Personal Name
Records bibliografici associati: 1
001 - CONTROL NUMBER
- control field: 27367
003 - CONTROL NUMBER IDENTIFIER
- control field: IT-RoPau
005 - DATE AND TIME OF LATEST TRANSACTION
- control field: 20140527211701.0
008 - FIXED-LENGTH DATA ELEMENTS
- fixed length control field: 140527|| aca||aabn | a|a d
040 ## - CATALOGING SOURCE
- Original cataloging agency: IT-RoPau
- Transcribing agency: IT-RoPau
100 ## - HEADING--PERSONAL NAME
- Personal name: Bigazzi Giancarlo
- Dates associated with a name: Codice autore SPICS: 13839
- Relator term: Autore
- Name of part/section of a work: Perché lo fai
670 ## - SOURCE DATA FOUND
- Source citation: Work cat.: (IT-RoPau)100112: AA.VV. 794, Supersanremo 1991